Templates for the solution of algebaric eigenvalue problems : a practical guide
Αποθηκεύτηκε σε:
| Άλλοι συγγραφείς: | |
|---|---|
| Μορφή: | Βιβλίο |
| Γλώσσα: | English |
| Δημοσίευση: |
Philadelphia :
Society for Industrial and Applied Mathematics,
c2000.
|
| Σειρά: | Software, environments, tools
|
| Θέματα: | |
| Ετικέτες: |
Προσθήκη ετικέτας
Δεν υπάρχουν, Καταχωρήστε ετικέτα πρώτοι!
|
MARC
| LEADER | 00000cam a2200000 i 4500 | ||
|---|---|---|---|
| 001 | 1/42726 | ||
| 008 | 031017s2000 us ||| | eng|| | ||
| 020 | |a 0898714710 | ||
| 035 | |l 10071221 | ||
| 040 | |a GR-MyUA |b gre |e AACR2 | ||
| 041 | 0 | |a eng | |
| 082 | 0 | |a 512.9434 | |
| 245 | 1 | 0 | |a Templates for the solution of algebaric eigenvalue problems : |b a practical guide / |c edited by Zhaojum Bai ... [κ. ά.]. |
| 260 | |a Philadelphia : |b Society for Industrial and Applied Mathematics, |c c2000. | ||
| 300 | |a xxix, 410 σ. : |b εικ. ; |c 26 εκ. | ||
| 490 | 1 | |a (Software, environments, tools) | |
| 504 | |a Περιέχει βιβλιογραφικές αναφορές και ευρετήριο. | ||
| 650 | 0 | 0 | |a Eigenvalues |x Data processing. |
| 700 | 1 | |a Zhaojum, Bai, |e edt | |
| 830 | 0 | |a Software, environments, tools | |
| 852 | |a INST |b SAMOS |e 20031017 |h 512.9434 TEM |p 005300023786 |q 005300023786 |t BK |y 0 | ||
| 901 | |a BIBL3-2003-3 | ||
| 909 | |a Σ |b 099261 | ||
| 922 | |a 3ΕΛΗ |b 200309 |c ΤΜΗΜΑ ΜΑΘΗΜΑΤΙΚΩΝ/ΜΕΤΑΠΤΥΧΙΑΚΟ |d GLORYBOOK | ||
| 970 | |a ΠΟΥΡΝΑΡΑΣ |b ΔΗΜΗΤΡΗΣ |z 2003/10/17 | ||